Mahatma Gandhi his life and ideas / (Record no. 39568)

MARC details
000 -LEADER
fixed length control field 00862nam a22002297a 4500
005 - DATE AND TIME OF LATEST TRANSACTION
control field 2010080505125.0
010 ## - LCCN (DPL NO)
LC control number ENG-98359
020 ## - INTERNATIONAL STANDARD BOOK NUMBER
International Standard Book Number 8174876146
Terms of availability 500.00
020 ## - INTERNATIONAL STANDARD BOOK NUMBER
International Standard Book Number 9788174876140
Terms of availability 500.00
035 ## - SYSTEM CONTROL NUMBER
System control number EN-81892
037 ## - SOURCE OF ACQUISITION
Source of stock number/acquisition DBAD/PUB
082 ## - DEWEY DECIMAL CLASSIFICATION NUMBER
Classification number 301.153
100 ## - MAIN ENTRY--PERSONAL NAME
Personal name Andrews, C. F.
245 ## - TITLE STATEMENT
Title Mahatma Gandhi his life and ideas /
Statement of responsibility, etc by C. F. Andrews
260 ## - PUBLICATION, DISTRIBUTION, ETC. (IMPRINT)
Place of publication, distribution, etc New Delhi
Name of publisher, distributor, etc Radha Publications
Date of publication, distribution, etc 2009
270 ## - ADDRESS
Address 4231/1 Ansari Road, Daryaganj
City New Delhi
300 ## - PHYSICAL DESCRIPTION
Extent 382p.
Dimensions 22cm (Hb)
500 ## - GENERAL NOTE
General note Includes bibliographical references and index
650 ## - SUBJECT ADDED ENTRY--TOPICAL TERM
Topical term or geographic name as entry element Gandhi, Mahatma (1889-1948) political and social views- biography
942 ## - ADDED ENTRY ELEMENTS (KOHA)
Source of classification or shelving scheme Dewey Decimal Classification
Item type English Books
Classification part 301.153
Call number suffix AND
Holdings
Withdrawn status Lost status Not for loan Collection code Home library Current library Date acquired Source of acquisition Cost, normal purchase price Full call number Barcode Copy number Cost, replacement price Koha item type
    Not For Loan Non-fiction D.B.Act.Division D.B.Act.Division 05/08/2010 DBAD/PUB 500.00 301.153 AND EN-81892 1 500.00 English Books

© Delhi Public Library
Hit Counter
free hit counter